Sense and Solidarity/ (Record no. 190364)

MARC details
000 -LEADER
fixed length control field 00547nam a22001817a 4500
005 - DATE AND TIME OF LATEST TRANSACTION
control field 20220722144602.0
010 ## - LCCN (DPL NO)
LC control number ENG-133863
020 ## - INTERNATIONAL STANDARD BOOK NUMBER
International Standard Book Number 978-81-7824-523-2
Terms of availability 395.00
035 ## - SYSTEM CONTROL NUMBER
System control number EN-117395
037 ## - SOURCE OF ACQUISITION
Source of stock number/acquisition DBAD/PUB
082 ## - DEWEY DECIMAL CLASSIFICATION NUMBER
Classification number 330.954
100 ## - MAIN ENTRY--PERSONAL NAME
Personal name Jean Dreze
245 ## - TITLE STATEMENT
Title Sense and Solidarity/
Statement of responsibility, etc Jean Dreze
260 ## - PUBLICATION, DISTRIBUTION, ETC. (IMPRINT)
Place of publication, distribution, etc Ranikher
Name of publisher, distributor, etc Permanent Black
Date of publication, distribution, etc 2017
270 ## - ADDRESS
Address Mimalayana, Mall Road, Ranikher Cantt.
City Ranikher
Postal code 263645
300 ## - PHYSICAL DESCRIPTION
Extent 343p.
Dimensions 19cm(pbk)
Other physical details Name Index, Subject Index
942 ## - ADDED ENTRY ELEMENTS (KOHA)
Source of classification or shelving scheme Dewey Decimal Classification
Item type English Books
Classification part 330.954
Call number suffix JEA
Holdings
Withdrawn status Lost status Not for loan Collection code Home library Current library Date acquired Source of acquisition Cost, normal purchase price Full call number Barcode Copy number Cost, replacement price Koha item type
      Non-fiction Bawana Bawana 22/07/2022 DBAD/PUB 395.00 330.954 JEA EN-117395 1 395.00 English Books

© Delhi Public Library
Hit Counter
free hit counter